000 00730nam a2200205Ii 4500
003 JO-AjNU
008 230605s9999||||xx |||||||||||||| ||und||
017 _a2012/6/2041
040 _aJO-AjNU
_bara
_erda
_cJO-AjNU
041 _aara
050 1 4 _aPJ7850.U54.S5 2010
100 3 _aتأليف منيف،عبد الرحمن ؛ تقديم باشي،مروان قصاب,
_eauthor
_949834
245 0 0 _aسيرة مدينة:عمان في الأربعينيات
264 3 1 _aعمان:المؤسسة العربية للدراسات والنشر،2012
300 _a444ص
336 _atext
_btxt
_2rdacontent
337 _aunmediated
_bn
_2rdamedia
338 _avolume
_bnc
_2rdacarrier
650 4 _aالأدب العربي
_949835
999 _aA21914
_c25482
_d25482